| 000 | 00721cam a22002292 4500 | ||
|---|---|---|---|
| 001 | 0000003383 | ||
| 005 | 20151217151923.0 | ||
| 008 | 070504s xx 000 0 eng d | ||
| 020 |
_a0674341112 : _cKES 300 |
||
| 040 |
_aKABU _cKABU |
||
| 050 | 0 |
_aK212 _b.B35 |
|
| 100 | 1 |
_aBaird, Douglas G. _@0000153277 |
|
| 245 | 1 | 0 |
_aGame theory and the law / _cDouglas G. Baird, Robert H. Gertner, Randal C. Picker. |
| 260 |
_aCambridge Mass : _bHarvard Univ. Press, _c1994. |
||
| 300 | _axii, 330 p. | ||
| 650 | 0 |
_aLaw _xMethodolocy. _@0000153278 |
|
| 700 | 1 |
_aGertner, Robert H. _@0000153279 |
|
| 700 | 1 |
_aPicker, Randal C. _@0000153280 |
|
| 908 | _a070504 | ||
| 950 | _@1 | ||
| 999 |
_c6387 _d6387 |
||